Statistics for Flags of Southeast Asia

Click here to take the quiz!

General Stats

  • This quiz has been taken 23 times
  • The average score is 11 of 11

Answer Stats

Answer % Correct
Myanmar
100%
Singapore
100%
Thailand
100%
Vietnam
100%
Malaysia
95%
Indonesia
95%
Philippines
95%
Laos
95%
Cambodia
95%
Brunei
91%
East Timor
91%

Score Distribution

Percentile by Number Answered

Percent of People with Each Score

Your Score History

You have not taken this quiz